LEADER 01052nam a2200253 i 4500 001 991003425649707536 008 080229s2001 it a bc 001 0 ita 020 $a8870413543 035 $ab13689605-39ule_inst 040 $aBiblioteca Interfacoltà$bita 082 04$a016.27153045632 100 1 $aFilippi, Bruna$0627996 245 13$aIl teatro degli argomenti :$bgli scenari seicenteschi del teatro gesuitico romano : catalogo analitico /$cBruna Filippi 260 $aRoma :$bInstitutum historicum S.I.,$c2001 300 $a510 p. :$bill. ;$c24 cm. 440 0$aBibliotheca instituti historici S.I. ;$v54 504 $aInclude bibliografia (p. [7]-9) e indice 650 4$aGesuiti$xAttività teatrale$zRoma$ySec. 17.$vBibliografia 907 $a.b13689605$b02-04-14$c29-02-08 912 $a991003425649707536 945 $aLE002 SB 271.5 FIL$g1$i2002000800886$lle002$og$pE28.00$q-$rn$so $t0$u0$v0$w0$x0$y.i14682898$z29-02-08 996 $aTeatro degli argomenti$91229398 997 $aUNISALENTO 998 $ale002$b29-02-08$cm$da $e-$fita$git $h3$i0 LEADER 01828nam a2200325 i 4500 001 991002275059707536 008 130925s2012 it 000 0 ita d 020 $a9788867600519 035 $ab14148638-39ule_inst 040 $aBibl. Interfacoltà T. Pellegrino$bita 082 04$a411.7 245 00$aVenti anni di Papirologia a Lecce :$bil Centro di Studi Papirologici dal 1992 al 2012 : in appendice Indice Sommario e Indice dei collaboratori dei primi ventuno volumi dei "Papyrologica Lupiensia" /$cSerena Ammirati ... [et al.] 260 $aLecce :$bPensa,$c2012 300 $a91 p. :$bill. ;$c30 cm. 440 4$aGli Album del Centro di Studi papirologici dell'Università del Salento ;$v7 650 4$aPapirologia$zLecce 700 1 $aAmmirati, Serena$eauthor$4http://id.loc.gov/vocabulary/relators/aut$0481143 700 1 $aCapasso, Mario 700 1 $aCavalieri, Maria Clara 907 $a.b14148638$b24-09-14$c25-09-13 912 $a991002275059707536 945 $aLE002 Museo Papirologico BELT Coll. Album CSP 007$g1$i2002000886743$lle002$og$pE15.00$q-$rn$so $t0$u0$v0$w0$x0$y.i15534509$z25-09-13 945 $aLE007 P S 31/7$g1$i2007000254837$lle007$op$pE15.00$q-$rl$s- $t0$u0$v0$w0$x0$y.i15634267$z24-09-14 945 $aLE007 P S 31/7$g2$i2007000254844$lle007$op$pE15.00$q-$rl$s- $t0$u0$v0$w0$x0$y.i15634279$z24-09-14 945 $aLE007 P S 31/7$g3$i2007000254851$lle007$op$pE15.00$q-$rl$s- $t0$u0$v0$w0$x0$y.i15634280$z24-09-14 945 $aLE007 P S 31/7$g4$i2007000254868$lle007$op$pE15.00$q-$rl$s- $t0$u0$v0$w0$x0$y.i15634292$z24-09-14 945 $aLE007 P S 31/7$g5$i2007000254875$lle007$op$pE15.00$q-$rl$s- $t0$u0$v0$w0$x0$y.i15634309$z24-09-14 996 $aVenti anni di Papirologia a Lecce$91443218 997 $aUNISALENTO 998 $ale002$ale007$b25-09-13$cm$da $e-$fita$git $h0$i0